Giáo trình luật hình sự Việt Nam : Phần các tội phạm. Quyển 2

保存先:
書誌詳細
フォーマット: Sách
言語:Undetermined
出版事項: Hồng Đức 2021
主題:
タグ: タグ追加
タグなし, このレコードへの初めてのタグを付けませんか!
Thư viện lưu trữ: Trung tâm Thư viện - Trường Đại học Công nghiệp TP. Hồ Chí Minh
LEADER 00483nam a2200133Ia 4500
001 UIH_00307
008 230809s9999 xx 000 0 und d
082 |a 345.59703 
245 0 |a Giáo trình luật hình sự Việt Nam : Phần các tội phạm. Quyển 2 
260 |b Hồng Đức 
260 |c 2021 
650 |a Luật hình sự;Tội phạm; 
927 |a Sách 
980 |a Trung tâm Thư viện - Trường Đại học Công nghiệp TP. Hồ Chí Minh